Разработка одностадийной технологии пористого стеклокомпозита на основе высокодисперсного кремнеземистого сырья щелочным активированием: автореферат диссертации на соискание учёной степени кандидата технических наук; спец. 2.6.14

Detaylı Bibliyografya
Yazar: Скирдин К. В. Кирилл Вячеславович
Müşterek Yazar: Национальный исследовательский Томский политехнический университет (570)
Diğer Yazarlar: Казьмина О. В. Ольга Викторовна (научный руководитель)
Özet:Заглавие с титульного экрана
Электронная версия печатной публикации
Защита сост. 25.06.2024
На правах рукописи
Текстовый файл
Dil:Rusça
Baskı/Yayın Bilgisi: Томск, 2024
Konular:
Online Erişim:https://earchive.tpu.ru/handle/11683/78126
Materyal Türü: MixedMaterials Elektronik Kitap
KOHA link:https://koha.lib.tpu.ru/cgi-bin/koha/opac-detail.pl?biblionumber=672470

MARC

LEADER 00000nam0a2200000 4500
001 672470
005 20241010143704.0
090 |a 672470 
100 |a 20240514d2024 k||y0rusy50 ca 
101 0 |a rus 
102 |a RU 
105 |a a dm 001yy 
135 |a drcn ---uucaa 
181 0 |a i   |b  e  
182 0 |a b 
183 0 |a cr  |2 RDAcarrier 
200 1 |a Разработка одностадийной технологии пористого стеклокомпозита на основе высокодисперсного кремнеземистого сырья щелочным активированием  |e автореферат диссертации на соискание учёной степени кандидата технических наук  |e спец. 2.6.14  |f К. В. Скирдин  |g науч. рук. О. В. Казьмина; Национальный исследовательский Томский политехнический университет 
203 |a Текст  |c электронный  |b визуальный 
210 1 |a Томск  |d 2024 
215 |a 1 файл (848 КБ, 23 с.)  |c pdf 
283 |2 RDAcarrier  |a online_resource 
300 |a Заглавие с титульного экрана 
300 |a Электронная версия печатной публикации 
300 |a Защита сост. 25.06.2024 
320 |a Список работ по теме диссертации: с. 20-23 (22 назв.) 
333 |a На правах рукописи 
336 |a Текстовый файл 
452 1 |0 673001  |9 673001  |a Скирдин, К. В. (химик-технолог ; 1995-)  |c Томск  |d 2024  |o автореферат диссертации на соискание учёной степени кандидата технических наук  |p 23 с.  |t Разработка одностадийной технологии пористого стеклокомпозита на основе высокодисперсного кремнеземистого сырья щелочным активированием 
606 1 |a Стеклокомпозиты пористые  |9 88175 
610 1 |a электронный ресурс 
610 1 |a авторефераты диссертаций 
610 1 |a труды учёных ТПУ 
610 1 |a пористые стеклокомпозиты 
610 1 |a пористые материалы 
610 1 |a одностадийные технологии 
610 1 |a щелочные технологии 
610 1 |a щелочная активация 
610 1 |a физико-химические процессы 
610 1 |a гидратация 
610 1 |a дегидратация 
610 1 |a маршалиты 
610 1 |a гидроксид натрия 
610 1 |a микрокремнеземы 
610 1 |a кремнеземы 
610 1 |a оксид кальция 
610 1 |a кварцсодержащее сырье 
610 1 |a термообработка 
610 1 |a теплоизоляционные материалы 
675 |a 666.189.3(04)  |v 4 
686 |2 oksvnk  |a 05.17.11 
700 1 |7 ca  |8 rus  |a Скирдин  |b К. В.  |c химик-технолог  |c ассистент НОЦ Н.М. Кижнера  |f 1995-  |g Кирилл Вячеславович  |9 88493 
702 1 |a Казьмина  |b О. В.  |c химик-технолог  |c профессор Томского политехнического университета, доктор технических наук  |f 1967-  |g Ольга Викторовна  |9 12004  |4 727 
712 0 2 |a Национальный исследовательский Томский политехнический университет  |c (2009- )  |9 26305  |4 570 
801 0 |a RU  |b 63413507  |c 20240514  |g RCR 
850 |a 63413507 
856 4 |u https://earchive.tpu.ru/handle/11683/78126  |z https://earchive.tpu.ru/handle/11683/78126 
942 |c CF